| 000 | 00410nam a22001697a 4500 | ||
|---|---|---|---|
| 005 | 20160614164954.0 | ||
| 008 | 160614b xxu||||| |||| 00| 0 eng d | ||
| 020 | _a81-7808-057-5 | ||
| 041 | _aeng | ||
| 082 | _b7578 | ||
| 100 |
_akalakota & Whinston _91928 |
||
| 245 | _aFrantiers of Electronic Commerce | ||
| 260 |
_aDelhi _bpearson education |
||
| 300 | _a809 | ||
| 650 |
_aManagement _9241 |
||
| 942 | _cBK | ||
| 999 |
_c2707 _d2706 |
||